Miasta które mają lub miały swoje kluby w lidze piłki nożnej mężczyzn - Statystyki

Ogólne statystyki
  • Ten quiz został rozwiązany 39 razy
    31 od ostatniego zresetowania
  • Średni wynik to 42 z 63
Statystyki odpowiedzi
Miasta % Poprawnych
Gdańsk
100%
Gdynia
100%
Katowice
100%
Łódź
100%
Wrocław
100%
Kraków
96%
Szczecin
96%
Warszawa
96%
Białystok
92%
Bydgoszcz
92%
Lublin
92%
Poznań
92%
Częstochowa
88%
Olsztyn
88%
Opole
88%
Radom
88%
Rzeszów
88%
Sosnowiec
88%
Zabrze
88%
Bielsko-Biała
84%
Chorzów
84%
Gliwice
84%
Lubin
84%
Toruń
84%
Bytom
80%
Kielce
80%
Legnica
80%
Mielec
80%
Nieciecza
80%
Płock
80%
Bełchatów
76%
Tychy
76%
Nowy Sącz
72%
Tarnobrzeg
72%
Tarnów
72%
Jaworzno
68%
Dębica
64%
Łęczna
64%
Niepołomice
64%
Rybnik
60%
Wałbrzych
60%
Wodzisław Śląski
60%
Wronki
60%
Grodzisk Wielkopolski
56%
Lwów
56%
Stalowa Wola
56%
Ostrowiec Świętokrzyski
52%
Siedlce
48%
Wilno
48%
Jastrzębie-Zdrój
44%
Polkowice
44%
Radomsko
44%
Nowy Dwór Mazowiecki
36%
Przemyśl
32%
Racibórz
32%
Radlin
28%
Pniewy
24%
Radzionków
24%
Świętochłowice
24%
Niedobczyce
16%
Siemianowice Śląskie
16%
Gorlice
12%
Świdnica
8%
Nie znaleziono quizów pasujących do podanych kryteriów
Rozkład punktacji
Procent ludzi z każdym wynikiem
Percentyl według liczby udzielonych odpowiedzi
Twoja historia wyników
Nie rozwiązałeś tego quizu od ostatniego zresetowania